Rebelde sin causa (Registro nro. 52117)

Detalles MARC
000 -ENCABEZADO
Número de control [NR] 02213nam a2200289Ia 4500
005 - FECHA Y HORA DE LA ÚLTIMA TRANSACCIÓN
control field 20140410171918.0
008 - DE LONGITUD FIJA DE DATOS DE ELEMENTOS - INFORMACIÓN GENERAL
Elementos de longitud fija [NR] 130821s1955 xxua gs mul
040 ## - FUENTE DE CATALOGACION [NR]
Agencia de catalogación original [NR] Co-BoUCM
Idioma de catalogación [NR] spa
041 00 - CODIGO DE IDIOMA [R]
Código de idioma para texto/pista de sonido o título separado [R] Español
-- Inglés
092 ## - SIGNATURA TOPOGRAFICA LOCAL
Número de clasificación local DVD 0206
245 10 - MENCION DE TITULO [NR]
Título [NR] Rebelde sin causa
Mención de responsabilidad, etc. [NR] [DVD]
-- [dirigida por] Nicholas Ray
260 ## - PUBLICACION, DISTRIBUCION, ETC. (PIE DE IMPRENTA) [R]
Lugar de publicación, distribución, etc. [R] Washington D.C. (Estados Unidos)
Nombre del editor, distribuidor, etc. [R] Warner Bros
Fecha de publicación, distribución, etc. [R] 1955
300 ## - DESCRIPCION FISICA [R]
Extensión [R] 1 DVD (111 min. )
Otros detalles físicos [NR] son., color
500 ## - NOTA GENERAL [R]
Nota general [NR] SINOPSIS : Jimmy Stark (James Dean), estudiante de instituto, es un chico particularmente difícil: confuso y desorientado, se ve frecuentemente envuelto en peleas y conflictos, a consecuencia de los cuales su familia,en la cual es el hijo único, se ve obligada a un permanente peregrinaje de una ciudad a otra. Llegado a una nueva localidad, en la que también encontrará nuevos sentimientos hasta entonces desconocidos (el amor, de Judy Natalie Wood; y la amistad admirativa de Platón' Crawford (Sal Mineo), un muchacho aún más joven que él), no tarda en sostener su enésimo enfrentamiento, aunque, en esta ocasión, las consecuencias serán mucho más terribles...
508 ## - NOTA DE CREDITOS DE CREACION/PRODUCCION [R]
Nota de créditos de creación/producción [NR] CREDITOS : Dirección, Nicholas Ray; Guión, Stewart Stern; basado en un argumento de Nicholas Ray; Producción, David Weisbart; Música, Leonard Rosenman; Fotografía, Ernest Haller; Montaje, William Ziegler; Dirección artística, Malcolm Bert; Vestuario, Moss Mabry.
511 ## - NOTA DE PARTICIPANTE O INTERPRETE [R]
Nota de participante o intérprete [NR] James Dean (Jim Stark), Natalie Wood (Judy), Sal Mineo (John 'Platón' Crawford), Jim Backus (Frank Stark), Ann Doran (Sra. Stark), Corey Allen (Buzz Gunderson), William Hopper (Padre de Judy), Rochelle Hudson (Madre de Judy), Dennis Hopper (Goon), Edward Platt (Ray), Steffi Sidney (Mil).
546 ## - NOTA DE IDIOMA [R]
Nota de idioma [NR] Audio en Inglés. Subtítulos en Inglés, Portugués y Español.
650 04 - ASIENTO SECUNDARIO DE MATERIA - TERMINO TEMATICO [R]
Término temático o nombre geográfico como elemento de entrada [NR] Adolescencia en el cine
Subdivisión de forma [R] DVD
9 (RLIN) 8631
650 04 - ASIENTO SECUNDARIO DE MATERIA - TERMINO TEMATICO [R]
Término temático o nombre geográfico como elemento de entrada [NR] Entretenimiento
9 (RLIN) 26487
650 04 - ASIENTO SECUNDARIO DE MATERIA - TERMINO TEMATICO [R]
Término temático o nombre geográfico como elemento de entrada [NR] Películas cinematográficas
Subdivisión geográfica [R] Estados Unidos
Subdivisión de forma [R] DVD
9 (RLIN) 7903
650 04 - ASIENTO SECUNDARIO DE MATERIA - TERMINO TEMATICO [R]
Término temático o nombre geográfico como elemento de entrada [NR] Sociología
9 (RLIN) 386
700 1# - ASIENTO SECUNDARIO - NOMBRE PERSONAL [R]
Nombre personal [NR] Ray, Nicholas
Término de relación [R]
710 2# - ASIENTO SECUNDARIO - NOMBRE CORPORATIVO [R]
Nombre corporativo o de jurisdicción como elemento de entrada [NR] Warner Bros. Pictures
765 ## - ASIENTO DE IDIOMA ORIGINAL [R]
Título [NR] Rebel without a cause
856 04 - LOCALIZACION Y ACCESO ELECTRONICOS [R]
Identificador Uniforme del Recurso (“URI”) [R] <a href="http://www.youtube.com/watch?v=52i-lqfn0ws">http://www.youtube.com/watch?v=52i-lqfn0ws</a>
Nota dirigida al público [R] Siga este vínculo para ver el trailer.
942 ## - ELEMENTOS DE ENTRADA AGREGADOS (KOHA)
Tipo de ítem principal el descrito en 300a Multimedia
Sistema de clasificación LOCAL
Tema principal Sociología
Edición 1
Existencias
Fecha de último préstamo Total préstamos Total Renewals Código de barras Última vez visto Volúmen / Fascículo Ejemplar Price effective from Tipo de ítem Perdido Sistema de clasificación Dañado No prestable Tipo de ítem específico Suprimido Ubicación habitual Ubicación actual Localización Fecha de creación Forma de adquisición Costo
29/07/2019 39 8 100084416 10/12/2024 DVD 0206 Ej.2 03/02/2013 Multimedia   DEWEY     DVD   Claustro Claustro Colección digital 19/02/2013   26000.00
07/05/2012     100079884 03/12/2025 DVD 0206 Ej.1 03/02/2013 Multimedia   LOCAL   Préstamo restringido DVD   Procesos Técnicos Procesos Técnicos (no para préstamo) Procesos Técnicos 19/02/2013 Compra 54900.00